Выявление рудоконтролирующих факторов и условий локазизации золотого оруденения Восточной и Западной Сибири; Межвузовская региональная НТП "Природокомплекс"

Dades bibliogràfiques
Parent link:Межвузовская региональная НТП "Природокомплекс".— 1988
Autor principal: Коробейников А. Ф. Александр Феопенович
Sumari:В фонде НТБ ТПУ отсутствует
Idioma:rus
Publicat: 1988
Matèries:
Format: MixedMaterials Capítol de llibre
KOHA link:https://koha.lib.tpu.ru/cgi-bin/koha/opac-detail.pl?biblionumber=595373

MARC

LEADER 00000naa0a2200000 4500
001 595373
005 20250224164813.0
035 |a (RuTPU)RU\TPU\tpu\16424 
090 |a 595373 
100 |a 20090812d1988 k y0rusy50 ca 
101 0 |a rus 
102 |a RU 
200 1 |a Выявление рудоконтролирующих факторов и условий локазизации золотого оруденения Восточной и Западной Сибири  |f А. Ф. Коробейников 
333 |a В фонде НТБ ТПУ отсутствует 
463 |t Межвузовская региональная НТП "Природокомплекс"  |o аннотированный отчет 1986-1987 гг.  |d 1988 
610 1 |a труды учёных ТПУ 
700 1 |a Коробейников  |b А. Ф.  |c российский геолог, доктор геолого-минералогических наук  |c профессор Томского политехнического университета  |f 1934-  |g Александр Феопенович  |3 (RuTPU)RU\TPU\pers\12688  |4 070 
801 1 |a RU  |b 63413507  |c 20090812 
942 |c BK